[Event "BRA-ch 88th"]
[Site "Recife"]
[Date "2022.12.17"]
[Round "3"]
[White "Haraguchi, Diego Sashaki"]
[Black "Silveira, Leonardo De Lima"]
[Result "1-0"]
[WhiteElo "2057"]
[BlackElo "1753"]
[PlyCount "101"]
[EventDate "2022.12.15"]
[EventType "swiss"]
[EventRounds "11"]
[EventCountry "BRA"]
[SourceTitle "CBM 212 Extra"]
[Source "ChessBase"]
[SourceDate "2023.03.31"]
[SourceVersion "1"]
[SourceVersionDate "2023.03.31"]
[SourceQuality "1"]

1. d4 Nf6 2. c4 e6 3. Nf3 Bb4+ 4. Nbd2 d5 5. e3 0-0 6. Be2 dxc4 7. 0-0 b6 8. Bxc4 Bb7 9. a3 Be7 10. b4 Nbd7 11. Qe2 a5 12. b5 c5 13. bxc6 Bxc6 14. Bb2 a4 15. Rab1 Ra5 16. Bc3 Rh5 17. Bb4 Bxb4 18. Rxb4 Nd5 19. Bxd5 exd5 20. Ne5 Rh6 21. Nxc6 Rxc6 22. Qb5 Rd6 23. Qxa4 Rg6 24. Nf3 Qf6 25. Nh4 Qxh4 26. Qxd7 Rd8 27. Qf5 Rg5 28. Qf3 Rd6 29. Re1 h6 30. g3 Rf6 31. Qg2 Qg4 32. f4 Rh5 33. Rb2 g5 34. Qe2 Qh3 35. Rf1 Re6 36. Qf3 gxf4 37. Qxf4 f5 38. Re2 Kg7 39. Rff2 Kg6 40. Qb8 Rg5 41. Qg8+ Kf6 42. Qh8+ Kg6 43. Rf3 Kh5 44. Qh7 Qg4 45. Qf7+ Reg6 46. Ref2 Qe4 47. Rf4 Qb1+ 48. Kg2 Rg4 49. Rxf5+ R4g5 50. Rxg5+ hxg5 51. Qh7+ 1-0